Statistiken für Deutscher WM Kader 2006

Klicken Sie hier um das Quiz zu spielen!

Allgemein

  • Dieses Quiz wurde 1.258 mal gespielt
  • Das Durchschnittsergebnis liegt bei 16 aus 24

Antwortstatistiken

PositionName% Korrekt
TWOliver Kahn
98%
StürmerMiroslav Klose
96%
AbwehrPhilipp Lahm
96%
TWJens Lehmann
94%
MittelfeldBastian Schweinsteiger
93%
StürmerLukas Podolski
93%
TrainerJürgen Klinsmann
92%
MittelfeldMichael Ballack
86%
AbwehrPer Mertesacker
82%
MittelfeldTorsten Frings
75%
StürmerDavid Odonkor
74%
StürmerOliver Neuville
72%
AbwehrArne Friedrich
67%
MittelfeldBernd Schneider
67%
TWTimo Hildebrand
60%
AbwehrChristoph Metzelder
58%
MittelfeldTim Borowski
53%
StürmerGerald Asamoah
43%
AbwehrMarcell Jansen
38%
AbwehrRobert Huth
36%
AbwehrJens Nowotny
35%
StürmerMike Hanke
34%
MittelfeldSebastian Kehl
32%
MittelfeldThomas Hitzlsperger
14%

Verteilung der Resultate

Perzentil nach korrekt beantworteten Fragen

Anzahl Personen mit jedem Resultat

Ihre Resultats-Entwicklung

Sie haben dieses Quiz noch nicht gespielt